El cristianismo y las religiónes del desencuentro al diálogo (Registro nro. 47475)

Detalles MARC
000 -ENCABEZADO
Número de control [NR] 00994nam a2200265Ia 4500
008 - DE LONGITUD FIJA DE DATOS DE ELEMENTOS - INFORMACIÓN GENERAL
Elementos de longitud fija [NR] 130821s2001 ck gr spa
020 ## - NUMERO INTERNACIONAL NORMALIZADO PARA LIBROS [R]
Número Internacional Normalizado del libro [NR] 8429314687
040 ## - FUENTE DE CATALOGACION [NR]
Agencia de catalogación original [NR] Co-BoUCM
Idioma de catalogación [NR] spa
041 00 - CODIGO DE IDIOMA [R]
Código de idioma para texto/pista de sonido o título separado [R] Español
100 1# - ASIENTO PRINCIPAL--NOMBRE PERSONAL [NR]
Nombre personal [NR] Dupuis, Jacques
Fechas asociadas con el nombre [NR] 1923-
ID Autoridad 162153
245 13 - MENCION DE TITULO [NR]
Título [NR] El cristianismo y las religiónes del desencuentro al diálogo
Mención de responsabilidad, etc. [NR] Jacques Dupuis; traducción María del Carmen Blanco Moreno
260 ## - PUBLICACION, DISTRIBUCION, ETC. (PIE DE IMPRENTA) [R]
Lugar de publicación, distribución, etc. [R] Bucaramanga (Santander, Colombia)
Nombre del editor, distribuidor, etc. [R] Editorial Sal Terrae
Fecha de publicación, distribución, etc. [R] 2001
300 ## - DESCRIPCION FISICA [R]
Extensión [R] 360 páginas
490 ## - MENCION DE SERIE [R]
Mención de serie [R] Colección Presencia Teológica
Designación numérica/secuencial del volumen [NR] 121
504 ## - NOTA DE BIBLIOGRAFIA, ETC. [R]
Nota de bibliografía, etc. [NR]
650 04 - ASIENTO SECUNDARIO DE MATERIA - TERMINO TEMATICO [R]
Término temático o nombre geográfico como elemento de entrada [NR] Concilio Vaticano II, 1962-1965
Fechas del evento [NR] 1962-1965
9 (RLIN) 7436
650 04 - ASIENTO SECUNDARIO DE MATERIA - TERMINO TEMATICO [R]
Término temático o nombre geográfico como elemento de entrada [NR] Cristianismo y otras religiones
9 (RLIN) 12186
650 04 - ASIENTO SECUNDARIO DE MATERIA - TERMINO TEMATICO [R]
Término temático o nombre geográfico como elemento de entrada [NR] Iglesias
9 (RLIN) 17149
650 04 - ASIENTO SECUNDARIO DE MATERIA - TERMINO TEMATICO [R]
Término temático o nombre geográfico como elemento de entrada [NR] Religiones
9 (RLIN) 23519
650 04 - ASIENTO SECUNDARIO DE MATERIA - TERMINO TEMATICO [R]
Término temático o nombre geográfico como elemento de entrada [NR] Teología
9 (RLIN) 25230
700 1# - ASIENTO SECUNDARIO - NOMBRE PERSONAL [R]
Nombre personal [NR] Blanco MORENO, María Del Carmen
Término de relación [R]
9 (RLIN) 161611
765 10 - ASIENTO DE IDIOMA ORIGINAL [R]
Asiento principal [NR] Il cristianesimo e le religioni.
942 ## - ELEMENTOS DE ENTRADA AGREGADOS (KOHA)
Tipo de ítem principal el descrito en 300a Libro
Tema principal Religión
Edición 1
Parte restante de la signatura top. D944c
Sistema de clasificación DEWEY
Clasificación 261.2
Existencias
Fecha de último préstamo Total préstamos Total Renewals Signatura topográfica Código de barras Última vez visto Ejemplar Price effective from Tipo de ítem Perdido Sistema de clasificación Dañado No prestable Tipo de ítem específico Suprimido Ubicación habitual Ubicación actual Localización Fecha de creación Forma de adquisición Costo
05/05/2017 6 2 261.2 D944c 100074893 05/12/2025 Ej.1 03/02/2013 Libro   DEWEY     Libro   Claustro Claustro 2do piso 28/02/2005 Compra 87680.00